000 01597cam a22004454i 4500
003 PE-LiUPU
005 20250731165456.0
008 150623s r 000 0 d
035 _a(Sirsi) a21587
040 _aPE-LiUPU
_bspa
_cPE-LiUPU
_erda
082 0 4 _a025.49
_bI59
_221
110 2 _aInstituto de Investigación Tecnológica Industrial y de Normas Técnicas (Perú). Dirección de Tecnología
245 1 0 _aTesauro Itintec /
_cDirección de Tecnología.
264 1 _aLima :
_bInstituto de investigación Tecnológica industrial y de Normas Técnicas,
_c1985.
300 _a282 páginas ;
_c29 cm.
336 _atext
_2rdacontent
337 _aunmediated
_2rdamedia
338 _avolume
_2rdacarrier
505 0 _aTesauros : características documentarias. -Ambientte general. -Ciencia.-Infraestructura industrial. -Ingeniería. -Industrias.
526 _aSEG44
526 _aSEG26
526 _aP151
526 _aP150
526 _aP149
526 _aP146
526 _aP145
526 _aP126
526 _aP125
526 _aP92
526 _aP75
526 _aP74
526 _aP27
526 _aP15
650 0 4 _aTesauros
_xTecnología.
942 _2ddc
_cBOOK
949 _a025.49 I59
_wDEWEY
_c1
_i45182
_lCCODEBUL1
_mBUL
_p00.00
_r0
_sY
_tBOOK
_u2015-06-24
_xBIBLIOTECA
_zUNKNOWN
_0COMPRA
_o.STAFF. Colección General
596 _a1
999 _a025.49 I59
_wDEWEY
_c22066
_i45182
_d22066
_f2021-11-4
_g5
_lCCODEBUL1
_mBUL
_q1
_r0
_sY
_tBOOK
_u2015-6-24
_xBIBLIOTECA
_zUNKNOWN
_0COMPRA
_o.STAFF. Colección General
980 _81
_gALBERTO SANCHEZ Responsable de Automatización